|
|
|
|
| LEADER |
00000nab a2200000 a 4500 |
| 001 |
vtls000536613 |
| 003 |
SK-MaSNL |
| 005 |
20260304085626.0 |
| 008 |
250425c1994 xo 0 slo |
| 015 |
|
|
|a SNBRB19rr/mm-uuuuu
|
| 035 |
|
|
|a CL0536751
|
| 035 |
|
|
|a urn:nbn:sk:snk-aba4cr
|
| 035 |
|
|
|a (urnnbn)urn:nbn:sk:snk:ar-a09fpb
|
| 035 |
|
|
|a (uuid)844e8e68-a44c-432e-b6e2-72876df707e2
|
| 040 |
|
|
|a SNKBUCL
|b slo
|c SNKBUCL
|e AACR2
|
| 041 |
0 |
|
|a cze
|
| 044 |
|
|
|a xo
|c SK
|
| 080 |
|
|
|a 616.155.1-079.4
|2 1981
|
| 245 |
0 |
0 |
|a Příspěvek k diferenciální diagnostice polycytémií
|c Stanislav Filip ... [et al.]
|
| 300 |
|
|
|b Grafy 4, tab. 2, res. angl., čes., lit. 24 zázn. v angl., češ.
|
| 650 |
0 |
7 |
|a polycytémia
|2 snkbucl
|9 1203157
|
| 650 |
0 |
7 |
|a diferenciálna diagnostika
|2 snkbucl
|9 69886
|
| 655 |
|
7 |
|a články z novín a časopisov
|2 snkbucl
|9 267496
|
| 700 |
1 |
|
|a Filip, Stanislav,
|d 1961-
|4 aut
|9 177495
|
| 700 |
1 |
|
|a Voglová, Jaroslava
|4 aut
|9 1379331
|
| 700 |
1 |
|
|a Bláha, Milan
|4 aut
|9 6400
|
| 700 |
1 |
|
|a Vávrová, Jiřina,
|d 1946-
|4 aut
|9 143186
|
| 700 |
1 |
|
|a Jebavý, Ladislav,
|d 1950-
|4 aut
|9 544494
|
| 700 |
1 |
|
|a Malý, Jaroslav,
|d 1946-
|4 aut
|9 119283
|
| 773 |
0 |
|
|t Hematológia a transfuziológia
|g Roč. 4, č. 4 (1994), s. 18-30
|
| 850 |
|
|
|a Slovenská národná knižnica
|
| 852 |
|
|
|a Slovenská národná knižnica
|
| 954 |
|
|
|a odborná, vedecká literatúra cudzojazyčná (svetová)
|2 lita
|
| 958 |
|
|
|a article13
|
| 958 |
|
|
|a RK
|
| 958 |
|
|
|a MI
|
| 958 |
|
|
|a NB
|
| 958 |
|
|
|a OND
|
| 958 |
|
|
|a EUIPO
|
| 992 |
|
|
|a RBX
|
| 999 |
|
|
|c 2808783
|d 2810713
|